[Event "63rd NED-ch"]
[Site "Hilversum NED"]
[Date "2007.06.21"]
[Round "5"]
[White "l`Ami, Erwin"]
[Black "Tiviakov, Sergei"]
[Result "0-1"]
[WhiteElo "2344"]
[BlackElo "2599"]
[EventDate "2007.06.16"]
[PlyCount "94"]

1.d4 Nf6 2.c4 e6 3.Nf3 b6 4.g3 Bb7 5.Bg2 Be7 6.O-O O-O 7.d5 exd5 8.Nh4 c6 
9.cxd5 Nxd5 10.Nf5 Nc7 11.e4 d5 12.Re1 Bf6 13.e5 Be7 14.Qg4 g6 15.Bh6 Re8 
16.Nc3 Bc8 17.Nxe7+ Qxe7 18.Qa4 b5 19.Qd1 b4 20.Ne2 Ne6 21.f4 Nd7 22.Rc1 
Bb7 23.Nd4 Rac8 24.Nf3 c5 25.g4 c4 26.f5 Nec5 27.Qd2 Ne4 28.Qd4 Qc5 29.Be3
Qxd4 30.Bxd4 Ndc5 31.Red1 a5 32.Ne1 Nd7 33.Nf3 Bc6 34.h4 Ba4 35.Re1 c3 36.
Ng5 Nxe5 37.Nxe4 dxe4 38.Bxe4 c2 39.Bxe5 Rxe5 40.b3 Rce8 41.bxa4 Rxe4 42.
Rxe4 Rxe4 43.Rxc2 Rxg4+ 44.Kh2 Rxh4+ 45.Kg3 g5 46.Rc5 Kg7 47.Rxa5 Rc4 0-1

[Event "63rd NED-ch"]
[Site "Hilversum NED"]
[Date "2007.06.21"]
[Round "5"]
[White "Nijboer, Friso"]
[Black "Stellwagen, Daniel"]
[Result "0-1"]
[WhiteElo "2565"]
[BlackElo "2384"]
[EventDate "2007.06.16"]
[PlyCount "72"]

1.e4 e6 2.d4 d5 3.Nc3 Bb4 4.e5 c5 5.a3 Bxc3+ 6.bxc3 Ne7 7.Qg4 Qc7 8.Qxg7 
Rg8 9.Qxh7 cxd4 10.Ne2 Nbc6 11.f4 Bd7 12.Qd3 dxc3 13.Rb1 d4 14.Nxd4 Nxd4 
15.Qxd4 Nf5 16.Qf2 Bc6 17.Rg1 O-O-O 18.Qxa7 Nd4 19.Kf2 f6 20.Be3 fxe5 21.
Bc4 Qh7 22.Qa8+ Kc7 23.Qa5+ Kd7 24.Rbd1 Qxc2+ 25.Ke1 Ke8 26.Bd3 Nf3+ 27.
gxf3 Rxg1+ 28.Bxg1 Rxd3 29.Rxd3 Qxd3 30.Qxe5 Qd2+ 31.Kf1 Qd1+ 32.Kf2 c2 
33.Qxe6+ Kd8 34.Qf6+ Kc7 35.Qe5+ Kb6 36.Kg2+ Ka6 0-1

[Event "63rd NED-ch"]
[Site "Hilversum NED"]
[Date "2007.06.21"]
[Round "5"]
[White "Smeets, Jan"]
[Black "Bosboom, Manuel"]
[Result "1-0"]
[WhiteElo "2312"]
[BlackElo "2457"]
[EventDate "2007.06.16"]
[PlyCount "129"]

1.e4 g6 2.d4 Bg7 3.Nc3 d6 4.Be3 Nd7 5.g3 Ngf6 6.Bg2 O-O 7.h3 e5 8.Nge2 
exd4 9.Bxd4 Re8 10.O-O c6 11.g4 h6 12.Ng3 Ne5 13.f4 Nc4 14.b3 Na3 15.Qd3 
a6 16.Nce2 Nb5 17.Bf2 Bxg4 18.hxg4 Nxg4 19.Rad1 Qh4 20.Rfe1 Nxf2 21.Kxf2 
Rad8 22.Qf3 d5 23.e5 Bf8 24.Rh1 Qe7 25.Qd3 Bg7 26.Bf3 Nc7 27.Bg4 c5 28.c3 
b5 29.Qc2 a5 30.Rdg1 d4 31.Bf5 Nd5 32.Bxg6 fxg6 33.Qxg6 Rf8 34.Nh5 Rd7 35.
Nxg7 Nxf4 36.Nxf4 Rxf4+ 37.Kg3 Qf7 38.Qxf7+ Rdxf7 39.Nh5 Rf3+ 40.Kh4+ Kf8 
41.cxd4 cxd4 42.Rg6 Re3 43.e6 Rf2 44.Rc1 Rh2+ 45.Kg4 Rg2+ 46.Kf5 Rxg6 47.
Kxg6 Rxe6+ 48.Kf5 Re2 49.Ra1 Ke7 50.Nf4 Rb2 51.Ke5 a4 52.Nd3 Rc2 53.Kxd4 
Kd6 54.Nb4 Rh2 55.Rf1 Rh4+ 56.Kc3 Rh3+ 57.Nd3 axb3 58.axb3 h5 59.Rf5 Kc6 
60.Kd4 Rh4+ 61.Ke5 Rh3 62.Rf6+ Kc7 63.Kd4 h4 64.Rh6 Rh1 65.Nf4 1-0

[Event "63rd NED-ch"]
[Site "Hilversum NED"]
[Date "2007.06.21"]
[Round "5"]
[White "Spoelman, Wouter"]
[Black "Hendriks, Willy"]
[Result "1/2-1/2"]
[WhiteElo "2428"]
[BlackElo "2113"]
[EventDate "2007.06.16"]
[PlyCount "42"]

1.e4 c5 2.Nf3 Nc6 3.d4 cxd4 4.Nxd4 e5 5.Nb5 d6 6.N1c3 a6 7.Na3 Be7 8.Nd5 
Nf6 9.Nxf6+ Bxf6 10.Nc4 Be7 11.Be3 Be6 12.a4 O-O 13.c3 b5 14.Nb6 Rb8 15.
Nd5 Bg5 16.axb5 axb5 17.Ra6 Bxe3 18.Nxe3 Qc8 19.Ra1 b4 20.Ba6 Qc7 21.O-O 
bxc3 1/2-1/2

[Event "63rd NED-ch"]
[Site "Hilversum NED"]
[Date "2007.06.21"]
[Round "5"]
[White "Van der Wiel, John"]
[Black "Janssen, Ruud"]
[Result "1/2-1/2"]
[WhiteElo "2495"]
[BlackElo "2207"]
[EventDate "2007.06.16"]
[PlyCount "37"]

1.e4 e5 2.Nf3 Nc6 3.Nc3 Nf6 4.Be2 d5 5.exd5 Nxd5 6.O-O Nxc3 7.bxc3 Bd6 8.
d4 O-O 9.Rb1 h6 10.dxe5 Nxe5 11.Nxe5 Bxe5 12.Bf3 Qh4 13.g3 Qf6 14.Ba3 Rd8 
15.Qe2 Bh3 16.Rfe1 Rd2 17.Qe3 Rxc2 18.Bxb7 Re8 19.Bc5 1/2-1/2

[Event "63rd NED-ch"]
[Site "Hilversum NED"]
[Date "2007.06.22"]
[Round "6"]
[White "Bosboom, Manuel"]
[Black "Janssen, Ruud"]
[Result "0-1"]
[WhiteElo "2457"]
[BlackElo "2207"]
[EventDate "2007.06.16"]
[PlyCount "50"]

1.e4 e5 2.Bc4 Nf6 3.d3 Nc6 4.Nf3 Bc5 5.O-O d6 6.c3 O-O 7.Bb3 a6 8.h3 Ba7 
9.Re1 Ne7 10.Nbd2 Ng6 11.Nf1 h6 12.Ng3 Be6 13.d4 Bxb3 14.Qxb3 Rb8 15.Be3 
exd4 16.Bxd4 c5 17.Bxf6 Qxf6 18.Rad1 b5 19.Qa3 Rb6 20.Rd5 c4 21.Nh5 Qd8 
22.Red1 Qc7 23.b3 Ne7 24.Rxd6 b4 25.Qa5 Rxd6 0-1

[Event "63rd NED-ch"]
[Site "Hilversum NED"]
[Date "2007.06.22"]
[Round "6"]
[White "Hendriks, Willy"]
[Black "Van der Wiel, John"]
[Result "1/2-1/2"]
[WhiteElo "2113"]
[BlackElo "2495"]
[EventDate "2007.06.16"]
[PlyCount "44"]

1.e4 c5 2.Nf3 Nf6 3.Nc3 d5 4.exd5 Nxd5 5.Bb5+ Bd7 6.Qe2 Nxc3 7.dxc3 e6 8.
Bf4 Bxb5 9.Qxb5+ Qd7 10.Qc4 Nc6 11.Rd1 Qc8 12.O-O Be7 13.Bd6 b6 14.Rd3 O-O
15.Rfd1 h6 16.Qe4 Rd8 17.Bxe7 Rxd3 18.Rxd3 Nxe7 19.Ne5 f6 20.Ng6 Nxg6 21.
Qxg6 Qc7 22.Qg4 Re8 1/2-1/2

[Event "63rd NED-ch"]
[Site "Hilversum NED"]
[Date "2007.06.22"]
[Round "6"]
[White "Smeets, Jan"]
[Black "Nijboer, Friso"]
[Result "1-0"]
[WhiteElo "2312"]
[BlackElo "2565"]
[EventDate "2007.06.16"]
[PlyCount "108"]

1.e4 c5 2.Nf3 Nc6 3.Bb5 e6 4.O-O Nge7 5.Re1 a6 6.Bf1 d5 7.exd5 Qxd5 8.a4 
Ng6 9.Na3 Qd8 10.Nc4 b6 11.c3 Be7 12.d4 cxd4 13.Nxd4 Nxd4 14.Qxd4 Qxd4 15.
cxd4 Rb8 16.d5 b5 17.axb5 axb5 18.Na5 O-O 19.Nc6 Rb7 20.dxe6 Bxe6 21.Be3 
Bf6 22.Bd4 Bxd4 23.Nxd4 Bc4 24.Rac1 h6 25.g3 Bxf1 26.Kxf1 b4 27.Rc4 Ne7 
28.b3 Rd8 29.Nc2 Rd2 30.Nxb4 Rb2 31.Nd3 Rd2 32.Nc5 Ra7 33.Rce4 Nd5 34.R4e2
Rxe2 35.Rxe2 Ra1+ 36.Kg2 Rc1 37.Ne4 Nb4 38.Rd2 Rb1 39.Nc5 Rc1 40.Rd4 Nc6 
41.Rd5 Rc3 42.h4 g6 43.h5 Ne7 44.Rd8+ Kg7 45.b4 gxh5 46.Rd7 Nf5 47.Rc7 Kg6
48.b5 h4 49.g4 Nd6 50.b6 h5 51.Rc6 Kh7 52.g5 f6 53.gxf6 Kg6 54.Rc7 Rc4 1-0

[Event "63rd NED-ch"]
[Site "Hilversum NED"]
[Date "2007.06.22"]
[Round "6"]
[White "Stellwagen, Daniel"]
[Black "Dambacher, Martijn"]
[Result "1-0"]
[WhiteElo "2384"]
[BlackElo "2249"]
[EventDate "2007.06.16"]
[PlyCount "113"]

1.e4 e6 2.d4 d5 3.Nc3 dxe4 4.Nxe4 Nd7 5.Nf3 Ngf6 6.Bg5 h6 7.Nxf6+ Nxf6 8.
Bxf6 Qxf6 9.Bd3 Bd6 10.Qe2 Bd7 11.O-O O-O 12.Ne5 Bc6 13.f4 Rad8 14.Rae1 
Bd5 15.Qh5 c5 16.c4 Bc6 17.Re3 Bxe5 18.fxe5 Qg5 19.Qxg5 hxg5 20.dxc5 a5 
21.b3 f5 22.exf6 gxf6 23.a3 f5 24.Be2 Be4 25.Rg3 Rd2 26.Rxg5+ Kf7 27.Bh5+ 
Kf6 28.Rg6+ Ke5 29.Bf3 Bxf3 30.Rxf3 f4 31.h4 Rh8 32.Rg4 Rd4 33.g3 Rd1+ 34.
Kg2 fxg3 35.Rfxg3 Rhd8 36.Re3+ Kf5 37.Rg5+ Kf4 38.Rf3+ Ke4 39.Rg4+ Ke5 40.
h5 R8d2+ 41.Kg3 Rh1 42.Re3+ Kf6 43.Rf4+ Kg7 44.Rh4 Rg1+ 45.Kf3 Rf1+ 46.Ke4
Rf5 47.h6+ Kh8 48.h7 Rxc5 49.Rd3 Re5+ 50.Kd4 Ree2 51.Rxd2 Rxd2+ 52.Kc5 Rd3
53.b4 Rxa3 54.bxa5 e5 55.Kb6 Rb3+ 56.Ka7 Rb1 57.Re4 1-0

[Event "63rd NED-ch"]
[Site "Hilversum NED"]
[Date "2007.06.22"]
[Round "6"]
[White "Tiviakov, Sergei"]
[Black "Spoelman, Wouter"]
[Result "1-0"]
[WhiteElo "2599"]
[BlackElo "2428"]
[EventDate "2007.06.16"]
[PlyCount "71"]

1.e4 c5 2.c3 d5 3.exd5 Qxd5 4.d4 Nf6 5.Nf3 Bg4 6.Nbd2 Nc6 7.Bc4 Bxf3 8.Qb3
Na5 9.Qb5+ Qd7 10.Nxf3 Nxc4 11.Qxc4 cxd4 12.Nxd4 e6 13.Bg5 Rc8 14.Qe2 Nd5 
15.Rd1 h6 16.Bh4 Bc5 17.Nf3 b5 18.Ne5 Qb7 19.Qf3 O-O 20.O-O a5 21.Rfe1 Bd6
22.Ng4 Qc7 23.Kh1 b4 24.Nxh6+ gxh6 25.Rxd5 exd5 26.Qg4+ Kh7 27.Qf5+ Kg8 
28.Bf6 Bf4 29.Qg4+ Bg5 30.Re5 Rfd8 31.Bxg5 Qd7 32.Qg3 hxg5 33.Qxg5+ Kh7 
34.Qf6 Qg4 35.Qxf7+ Kh6 36.Re6+ 1-0

[Event "63rd NED-ch"]
[Site "Hilversum NED"]
[Date "2007.06.23"]
[Round "7"]
[White "Dambacher, Martijn"]
[Black "Smeets, Jan"]
[Result "1/2-1/2"]
[WhiteElo "2249"]
[BlackElo "2312"]
[EventDate "2007.06.16"]
[PlyCount "166"]

1.d4 d5 2.c4 c6 3.Nc3 e5 4.e3 exd4 5.Qxd4 Nf6 6.Nf3 Be7 7.cxd5 cxd5 8.Be2 
Nc6 9.Qd3 O-O 10.O-O Bg4 11.b3 Nb4 12.Qb1 Rc8 13.Bb2 Bh5 14.Nd4 Bg6 15.Qd1
Ne4 16.Na4 Bf6 17.f3 Nd6 18.Qd2 Nc6 19.Nxc6 bxc6 20.Bxf6 Qxf6 21.Rad1 Rfe8
22.Rfe1 Re5 23.e4 Rd8 24.exd5 cxd5 25.Nc3 Nf5 26.f4 Qb6+ 27.Kh1 Re6 28.
Nxd5 Qd6 29.Bc4 Kf8 30.Qf2 Bh5 31.Rc1 Rxe1+ 32.Rxe1 a5 33.h3 f6 34.Ne3 Qd4
35.Ng4 Qxf2 36.Nxf2 Rd2 37.Ne4 Rd4 38.g4 Rxe4 39.Rxe4 Ng3+ 40.Kg2 Nxe4 41.
gxh5 Nc3 42.a3 Ke7 43.Kf3 Kd6 44.h6 gxh6 45.Kg4 Nb1 46.a4 Nd2 47.Bg8 Ke7 
48.Kh5 Nf3 49.Bxh7 Nd4 50.Bg8 Kf8 51.Bd5 Kg7 52.Kg4 Kf8 53.Bc4 f5+ 54.Kg3 
Ke7 55.Kf2 Kd6 56.Ke3 Kc5 57.Kd3 Nf3 58.Be6 Nd4 59.Bd7 Kd5 60.Be8 Kc5 61.
Bf7 Nc6 62.Ke3 Nd4 63.Bc4 Nc2+ 64.Kf3 Nd4+ 65.Ke3 Nc2+ 66.Kd3 Nd4 67.Kc3 
Nf3 68.Be2 Nd4 69.Bd3 Ne6 70.Bxf5 Nxf4 71.Bc8 Nd5+ 72.Kd3 Kb4 73.Kd4 Nc3 
74.Be6 Ne2+ 75.Ke5 Nc1 76.Kf6 Nxb3 77.Kg6 Kxa4 78.Kxh6 Kb4 79.Bd7 Nd4 80.
h4 a4 81.Bxa4 Nf5+ 82.Kg5 Nxh4 83.Kxh4 Kxa4 1/2-1/2

[Event "63rd NED-ch"]
[Site "Hilversum NED"]
[Date "2007.06.23"]
[Round "7"]
[White "Janssen, Ruud"]
[Black "Hendriks, Willy"]
[Result "1/2-1/2"]
[WhiteElo "2207"]
[BlackElo "2113"]
[EventDate "2007.06.16"]
[PlyCount "159"]

1.c4 c5 2.Nf3 g6 3.d4 cxd4 4.Nxd4 Nc6 5.e4 Nf6 6.Nc3 Nxd4 7.Qxd4 d6 8.Bg5 
Bg7 9.Be2 O-O 10.Qd2 a5 11.Rd1 Be6 12.Qe3 Qc7 13.b3 a4 14.e5 dxe5 15.Nxa4 
Ra5 16.O-O Ng4 17.Bxg4 Bxg4 18.f3 Be6 19.Nc3 f6 20.Bh4 Raa8 21.Bf2 f5 22.
Qc5 Qxc5 23.Bxc5 e4 24.Bd4 Bxd4+ 25.Rxd4 exf3 26.gxf3 Rfd8 27.Rfd1 Rxd4 
28.Rxd4 g5 29.a4 Kf7 30.Kf2 Kf6 31.Nd5+ Bxd5 32.Rxd5 Rc8 33.a5 Rc7 34.Ke3 
h5 35.Kd4 g4 36.f4 h4 37.Rd8 Ke6 38.Rh8 Rd7+ 39.Ke3 h3 40.Rh6+ Kf7 41.b4 
Rd1 42.b5 Rh1 43.a6 bxa6 44.b6 Rxh2 45.c5 Rb2 46.Kd4 h2 47.Rh7+ Kg6 48.
Rxh2 Rxh2 49.b7 Rb2 50.c6 g3 51.Kc3 g2 52.Kxb2 g1=Q 53.b8=Q Qd4+ 54.Kb3 
Qd5+ 55.Kb4 Qxc6 56.Qg8+ Kf6 57.Qg5+ Ke6 58.Qg6+ Kd7 59.Qxf5+ Kc7 60.Qg5 
Qd6+ 61.Ka4 Kb6 62.Qa5+ Kb7 63.Qf5 e6 64.Qg5 Qd4+ 65.Ka3 Kc6 66.Qg4 Qc3+ 
67.Ka2 Qc4+ 68.Ka1 a5 69.Qf3+ Qd5 70.Qe3 a4 71.Qc3+ Qc5 72.Qf3+ Kb6 73.Qe4
Qa3+ 74.Kb1 Qb3+ 75.Ka1 a3 76.Qd4+ Kc6 77.f5 Qb2+ 78.Qxb2 axb2+ 79.Kxb2 
exf5 80.Kc3 1/2-1/2

[Event "63rd NED-ch"]
[Site "Hilversum NED"]
[Date "2007.06.23"]
[Round "7"]
[White "Nijboer, Friso"]
[Black "Bosboom, Manuel"]
[Result "1-0"]
[WhiteElo "2565"]
[BlackElo "2457"]
[EventDate "2007.06.16"]
[PlyCount "82"]

1.e4 c5 2.Nf3 d6 3.d4 cxd4 4.Nxd4 e6 5.Nc3 a6 6.Be3 Bd7 7.Qd2 Nc6 8.O-O-O 
Nf6 9.f3 h5 10.Kb1 Be7 11.h3 h4 12.f4 b5 13.Bd3 b4 14.Nce2 Qb8 15.Nf3 a5 
16.Bf2 a4 17.Bxh4 b3 18.cxb3 Rxh4 19.Nxh4 Nb4 20.a3 Nxd3 21.Qxd3 Bc6 22.
Ng3 d5 23.Qc3 Qb7 24.Nf3 dxe4 25.Nd4 Bd5 26.b4 Rc8 27.Qe3 Bd8 28.Rc1 Rc4 
29.Nge2 Bb6 30.Rhd1 Qa7 31.Rc3 g6 32.Ka1 Kf8 33.Rxc4 Bxc4 34.Qc3 Bd5 35.
Nc6 Qd7 36.b5 Ng8 37.Qb4+ Kg7 38.Nc3 e3 39.Nxa4 e2 40.Re1 Bc4 41.Qc3+ Nf6 
1-0

[Event "63rd NED-ch"]
[Site "Hilversum NED"]
[Date "2007.06.23"]
[Round "7"]
[White "Spoelman, Wouter"]
[Black "Sokolov, Ivan"]
[Result "0-1"]
[WhiteElo "2428"]
[BlackElo "2401"]
[EventDate "2007.06.16"]
[PlyCount "68"]

1.e4 e5 2.Nf3 Nc6 3.Bb5 a6 4.Ba4 Nf6 5.O-O Be7 6.Re1 b5 7.Bb3 O-O 8.h3 Bb7
9.d3 d5 10.exd5 Nxd5 11.Nxe5 Nd4 12.Qg4 Nxb3 13.axb3 f5 14.Qf3 Rb8 15.Bf4 
Bb4 16.Rf1 g5 17.Bd2 Bxd2 18.Nxd2 Nf4 19.Qe3 Nxg2 20.Qg3 Nf4 21.Kh2 Ne2 
22.Qe3 Nd4 23.f4 Nxc2 24.Qf2 Nxa1 25.Rxa1 Kh8 26.Rg1 gxf4 27.Qxf4 Qd6 28.
d4 Rbe8 29.Rg3 Re6 30.Nf1 Qd5 31.Kg1 Qh1+ 32.Kf2 Qe4 33.Qd2 f4 34.Rg4 c5 
0-1

[Event "63rd NED-ch"]
[Site "Hilversum NED"]
[Date "2007.06.23"]
[Round "7"]
[White "Van der Wiel, John"]
[Black "Tiviakov, Sergei"]
[Result "1/2-1/2"]
[WhiteElo "2495"]
[BlackElo "2599"]
[EventDate "2007.06.16"]
[PlyCount "56"]

1.e4 d5 2.exd5 Qxd5 3.Nc3 Qa5 4.g3 Nf6 5.Bg2 Bg4 6.Nge2 c6 7.h3 Bxe2 8.
Qxe2 e6 9.a3 Be7 10.Rb1 Qc7 11.b4 O-O 12.O-O Nbd7 13.Ne4 Rfd8 14.Nxf6+ 
Bxf6 15.d3 Nb6 16.Bf4 Qd7 17.Rb3 Nd5 18.Bd2 Ne7 19.Be4 Nc8 20.Qh5 g6 21.
Qf3 Bg7 22.b5 cxb5 23.Bxb7 Rb8 24.Ba5 Nb6 25.Ba6 Qc7 26.Qe2 Rd5 27.Rxb5 
Bd4 28.Kh2 Rxb5 1/2-1/2

[Event "63rd NED-ch"]
[Site "Hilversum NED"]
[Date "2007.06.24"]
[Round "8"]
[White "Bosboom, Manuel"]
[Black "Hendriks, Willy"]
[Result "1-0"]
[WhiteElo "2457"]
[BlackElo "2113"]
[EventDate "2007.06.16"]
[PlyCount "41"]

1.c4 c5 2.b3 Nc6 3.Bb2 e5 4.a3 Nf6 5.e3 Bd6 6.g4 O-O 7.Nc3 e4 8.g5 Ne8 9.
Nxe4 Be5 10.Bxe5 Nxe5 11.f4 Ng6 12.Ne2 Nc7 13.h4 d5 14.cxd5 Bg4 15.Qc2 Bf3
16.Rh3 Bxe4 17.Qxe4 Nxd5 18.Bg2 Nge7 19.h5 Qb6 20.h6 g6 21.Qe5 1-0

[Event "63rd NED-ch"]
[Site "Hilversum NED"]
[Date "2007.06.24"]
[Round "8"]
[White "Nijboer, Friso"]
[Black "Dambacher, Martijn"]
[Result "1-0"]
[WhiteElo "2565"]
[BlackElo "2249"]
[EventDate "2007.06.16"]
[PlyCount "39"]

1.e4 e6 2.d4 d5 3.Nc3 dxe4 4.Nxe4 Nd7 5.Nf3 Ngf6 6.Nxf6+ Nxf6 7.Be3 Nd5 8.
Bd2 c5 9.dxc5 Bxc5 10.Bd3 Qc7 11.Qe2 O-O 12.O-O-O Nf4 13.Bxf4 Qxf4+ 14.Kb1
f6 15.Bc4 Kh8 16.Bxe6 Bxe6 17.Qxe6 Bxf2 18.Rhf1 Rad8 19.Rd7 Rfe8 20.Qe7 
1-0

[Event "63rd NED-ch"]
[Site "Hilversum NED"]
[Date "2007.06.24"]
[Round "8"]
[White "Smeets, Jan"]
[Black "l`Ami, Erwin"]
[Result "1/2-1/2"]
[WhiteElo "2312"]
[BlackElo "2344"]
[EventDate "2007.06.16"]
[PlyCount "81"]

1.e4 e5 2.Nf3 Nc6 3.Bb5 Nf6 4.O-O Nxe4 5.d4 Nd6 6.Bxc6 dxc6 7.dxe5 Nf5 8.
Qxd8+ Kxd8 9.Nc3 Ne7 10.h3 Ng6 11.Bg5+ Ke8 12.Rad1 Bd7 13.Ne4 h6 14.Bc1 c5
15.Nc3 Be7 16.Nd5 Rc8 17.Nd2 Be6 18.Ne4 Bxd5 19.Rxd5 c6 20.Rdd1 Nxe5 21.f4
Nc4 22.b3 Nb6 23.Rfe1 Kf8 24.Ba3 f5 25.Nd6 Bxd6 26.Rxd6 Re8 27.Rxe8+ Kxe8 
28.Bxc5 Nc8 29.Rd3 g6 30.Kf2 b6 31.Bd4 Rh7 32.Re3+ Re7 33.Bg7 h5 34.Be5 
Rd7 35.Re2 Kf7 36.Ke3 Ne7 37.c4 c5 38.Rd2 Rxd2 39.Kxd2 Nc6 40.Bc3 Ke6 41.
Ke3 1/2-1/2

[Event "63rd NED-ch"]
[Site "Hilversum NED"]
[Date "2007.06.24"]
[Round "8"]
[White "Sokolov, Ivan"]
[Black "Van der Wiel, John"]
[Result "1/2-1/2"]
[WhiteElo "2401"]
[BlackElo "2495"]
[EventDate "2007.06.16"]
[PlyCount "42"]

1.d4 Nf6 2.c4 e6 3.Nf3 b6 4.Nc3 Bb7 5.a3 d5 6.cxd5 Nxd5 7.Qc2 Nxc3 8.bxc3 
c5 9.e3 Nd7 10.Bd3 Qc7 11.Qb1 Bd6 12.e4 Bf4 13.Bb2 O-O 14.a4 f5 15.e5 Bxf3
16.gxf3 Qc6 17.Qd1 c4 18.Be2 Rfd8 19.Qc2 Nf8 20.h4 Ng6 21.Ba3 Bh6 1/2-1/2

[Event "63rd NED-ch"]
[Site "Hilversum NED"]
[Date "2007.06.24"]
[Round "8"]
[White "Stellwagen, Daniel"]
[Black "Spoelman, Wouter"]
[Result "1/2-1/2"]
[WhiteElo "2384"]
[BlackElo "2428"]
[EventDate "2007.06.16"]
[PlyCount "90"]

1.e4 e5 2.Nf3 Nc6 3.Bb5 a6 4.Ba4 Nf6 5.O-O Be7 6.Bxc6 dxc6 7.Qe1 Nd7 8.b3 
O-O 9.Bb2 Bd6 10.d4 exd4 11.Bxd4 Re8 12.Nbd2 c5 13.Bb2 b5 14.Qe3 Bb7 15.
Rfe1 Nf8 16.e5 f6 17.Qc3 fxe5 18.Nxe5 Qf6 19.Nef3 Qh6 20.Nf1 Ng6 21.Ng3 
Rf8 22.Nd2 Rae8 23.Rxe8 Rxe8 24.Nf3 Ne5 25.Nxe5 Bxe5 26.Qxe5 Rxe5 27.Bxe5 
Qd2 28.c4 bxc4 29.bxc4 Qc2 30.Bxc7 Qxc4 31.Nf1 Qc3 32.Rd1 Qc2 33.Rd2 Qe4 
34.f3 Qe6 35.Kf2 g5 36.Ne3 h5 37.h3 c4 38.Rc2 Bd5 39.Ba5 Qc6 40.Bc3 Be6 
41.Rd2 Qc7 42.Rd4 Kf7 43.h4 gxh4 44.Rxh4 Qc5 45.Rf4+ Ke7 1/2-1/2

[Event "63rd NED-ch"]
[Site "Hilversum NED"]
[Date "2007.06.24"]
[Round "8"]
[White "Tiviakov, Sergei"]
[Black "Janssen, Ruud"]
[Result "1-0"]
[WhiteElo "2599"]
[BlackElo "2207"]
[EventDate "2007.06.16"]
[PlyCount "83"]

1.e4 e5 2.Nf3 Nc6 3.Bb5 a6 4.Ba4 Nf6 5.d3 b5 6.Bb3 Be7 7.a4 Bb7 8.c3 O-O 
9.Nbd2 d5 10.O-O b4 11.a5 Rb8 12.Qc2 Qd7 13.Re1 Rfe8 14.Nf1 h6 15.Ne3 d4 
16.cxd4 exd4 17.Nf5 Bf8 18.Bf4 Nh5 19.Bd2 Na7 20.N5xd4 Rbd8 21.Bc4 c5 22.
Nb3 Nf6 23.Be3 Rc8 24.Rac1 Ng4 25.Bxc5 Bxc5 26.Nxc5 Rxc5 27.Bxf7+ Qxf7 28.
Qxc5 Nb5 29.Qxb4 Kh8 30.Rc5 Qd7 31.h3 Nf6 32.Ne5 Qe6 33.Ng6+ Kh7 34.Rxb5 
axb5 35.Nf8+ Rxf8 36.Qxf8 Qa2 37.Qa3 Qe6 38.Qc5 Qb3 39.Qc7 Ba6 40.Qc6 Qb4 
41.Ra1 Qxb2 42.Rf1 1-0

[Event "63rd NED-ch"]
[Site "Hilversum NED"]
[Date "2007.06.26"]
[Round "9"]
[White "Dambacher, Martijn"]
[Black "Bosboom, Manuel"]
[Result "0-1"]
[WhiteElo "2249"]
[BlackElo "2457"]
[EventDate "2007.06.16"]
[PlyCount "82"]

1.d4 g6 2.c4 Bg7 3.e4 d6 4.Nc3 a6 5.Be3 c6 6.c5 b5 7.cxd6 exd6 8.Bd3 Nd7 
9.Nge2 Ngf6 10.O-O O-O 11.Qd2 Re8 12.f3 c5 13.a4 c4 14.Bc2 b4 15.Nd1 a5 
16.Nf2 Ba6 17.Rfe1 Rc8 18.Bh6 c3 19.bxc3 Bxh6 20.Qxh6 Bxe2 21.Rxe2 Rxc3 
22.Rae1 Qb6 23.Qd2 Rec8 24.Bb1 Nf8 25.e5 N6d7 26.exd6 R3c4 27.Ne4 b3 28.
Kf1 Rxd4 29.Qb2 Rxa4 30.Ng5 Rf4 31.g3 Rf6 32.Kg2 a4 33.Be4 Rc5 34.h4 Qxd6 
35.Rd2 Qe5 36.Qb1 Qc3 37.Red1 a3 38.Bd5 Rxd5 39.Rxd5 a2 40.Qe4 a1=Q 41.
Rxa1 Qb2+ 0-1

[Event "63rd NED-ch"]
[Site "Hilversum NED"]
[Date "2007.06.26"]
[Round "9"]
[White "Janssen, Ruud"]
[Black "Sokolov, Ivan"]
[Result "0-1"]
[WhiteElo "2207"]
[BlackElo "2401"]
[EventDate "2007.06.16"]
[PlyCount "88"]

1.d4 d5 2.c4 c6 3.Nc3 Nf6 4.e3 a6 5.Nf3 e6 6.c5 b6 7.cxb6 Qxb6 8.Bd3 a5 9.
O-O Ba6 10.Na4 Qb7 11.Bxa6 Rxa6 12.Bd2 Nbd7 13.Qc2 Be7 14.Ne1 Qc7 15.Nd3 
Ng4 16.f4 O-O 17.Rac1 Ngf6 18.Nf2 Rc8 19.Qd3 Qb7 20.Rc2 c5 21.dxc5 Bxc5 
22.Rfc1 Rac6 23.Nxc5 Nxc5 24.Qd4 Nce4 25.Rxc6 Rxc6 26.Rxc6 Qxc6 27.Bc3 
Nxf2 28.Kxf2 Ne4+ 29.Ke1 f6 30.Bxa5 Qc1+ 31.Ke2 Qg1 32.a4 Qxh2 33.Kd1 Qxg2
34.Bb4 h5 35.f5 Qf3+ 36.Kc2 Qxf5 37.a5 Nc5+ 38.e4 Nxe4 39.Kb3 h4 40.a6 h3 
41.Bd6 Qf3+ 42.Ka2 Qe2 43.Qb6 Nxd6 44.a7 Qc4+ 0-1

[Event "63rd NED-ch"]
[Site "Hilversum NED"]
[Date "2007.06.26"]
[Round "9"]
[White "l`Ami, Erwin"]
[Black "Nijboer, Friso"]
[Result "0-1"]
[WhiteElo "2344"]
[BlackElo "2565"]
[EventDate "2007.06.16"]
[PlyCount "88"]

1.d4 d6 2.g3 g6 3.Bg2 Bg7 4.e4 Nf6 5.Nc3 O-O 6.Nge2 e5 7.h3 c6 8.a4 a5 9.
O-O Na6 10.Be3 Nb4 11.Qd2 Be6 12.Rad1 Bc4 13.b3 Ba6 14.Rfe1 Qc7 15.Nc1 b6 
16.Nb1 Bc8 17.c3 Na6 18.Nd3 Be6 19.c4 Nh5 20.d5 cxd5 21.cxd5 Bd7 22.g4 Nf6
23.f4 h5 24.Rc1 Qd8 25.fxe5 dxe5 26.g5 Ne8 27.Na3 Nd6 28.Kh2 b5 29.axb5 
Nxb5 30.Nc4 Nd4 31.Bxd4 exd4 32.e5 Bf5 33.Nxa5 Nb8 34.Nb7 Qb6 35.Nbc5 Na6 
36.Be4 Nxc5 37.Nxc5 Bxe5+ 38.Kg2 Bd6 39.b4 Bxc5 40.Rxc5 Bxe4+ 41.Rxe4 Qd6 
42.Rxd4 Rfe8 43.Rc2 Ra3 44.Qf4 Qd7 0-1

[Event "63rd NED-ch"]
[Site "Hilversum NED"]
[Date "2007.06.26"]
[Round "9"]
[White "Spoelman, Wouter"]
[Black "Smeets, Jan"]
[Result "1/2-1/2"]
[WhiteElo "2428"]
[BlackElo "2312"]
[EventDate "2007.06.16"]
[PlyCount "42"]

1.e4 e5 2.Nf3 Nc6 3.Bb5 a6 4.Ba4 Nf6 5.O-O Bc5 6.c3 b5 7.Bc2 d5 8.d4 dxe4 
9.Nxe5 Nxe5 10.dxe5 Qxd1 11.Rxd1 Ng4 12.Bxe4 Nxf2 13.Bc6+ Ke7 14.Bg5+ f6 
15.exf6+ gxf6 16.Re1+ Kd6 17.Bxa8 fxg5 18.Nd2 Be6 19.Bb7 Ne4+ 20.Kh1 Nf2+ 
21.Kg1 Ne4+ 1/2-1/2

[Event "63rd NED-ch"]
[Site "Hilversum NED"]
[Date "2007.06.26"]
[Round "9"]
[White "Van der Wiel, John"]
[Black "Stellwagen, Daniel"]
[Result "1/2-1/2"]
[WhiteElo "2495"]
[BlackElo "2384"]
[EventDate "2007.06.16"]
[PlyCount "45"]

1.e4 c5 2.Nf3 e6 3.d4 cxd4 4.Nxd4 a6 5.Bd3 Bc5 6.Nb3 Ba7 7.Qe2 Nc6 8.Be3 
Bxe3 9.Qxe3 Nf6 10.f4 e5 11.Nc3 exf4 12.Qxf4 d6 13.O-O-O O-O 14.Be2 Ne5 
15.Qd2 Ne8 16.Kb1 Be6 17.Nd4 Qa5 18.Rhf1 Nc7 19.Nxe6 Nxe6 20.Qxd6 Rad8 21.
Rd5 Rxd6 22.Rxa5 f6 23.Rd5 1/2-1/2

[Event "63rd NED-ch"]
[Site "Hilversum NED"]
[Date "2007.06.27"]
[Round "10"]
[White "Bosboom, Manuel"]
[Black "Tiviakov, Sergei"]
[Result "0-1"]
[WhiteElo "2457"]
[BlackElo "2599"]
[EventDate "2007.06.16"]
[PlyCount "80"]

1.c4 e5 2.a3 Nf6 3.e3 c6 4.d4 exd4 5.Qxd4 d5 6.Nf3 Bd6 7.Nc3 dxc4 8.Bxc4 
O-O 9.e4 Bc7 10.Qxd8 Rxd8 11.Ng5 Rf8 12.f4 h6 13.Nxf7 Rxf7 14.e5 Nfd7 15.
Be3 Nf8 16.Bxf7+ Kxf7 17.O-O-O Bg4 18.Rd2 Nbd7 19.Rf2 Bf5 20.h3 Nb6 21.g4 
Bd3 22.b3 Nd5 23.Nxd5 cxd5 24.Kd2 Bb5 25.Rc1 Bc6 26.Kd3 d4 27.Bd2 Nd7 28.
a4 Re8 29.Rff1 Bb6 30.Bb4 a5 31.Bd6 Ke6 32.Kc4 Bd5+ 33.Kb5 Be4 34.Rfd1 g6 
35.b4 Bf3 36.f5+ gxf5 37.gxf5+ Kd5 38.Rd2 Ba7 39.Re1 axb4 40.Kxb4 Nxe5 0-1

[Event "63rd NED-ch"]
[Site "Hilversum NED"]
[Date "2007.06.27"]
[Round "10"]
[White "Nijboer, Friso"]
[Black "Spoelman, Wouter"]
[Result "1-0"]
[WhiteElo "2565"]
[BlackElo "2428"]
[EventDate "2007.06.16"]
[PlyCount "121"]

1.e4 e5 2.Nf3 Nc6 3.Bb5 a6 4.Ba4 Nf6 5.O-O Be7 6.Re1 b5 7.Bb3 d6 8.c3 O-O 
9.h3 Na5 10.Bc2 c5 11.d4 Nd7 12.dxc5 dxc5 13.Nbd2 Re8 14.Nf1 Nc4 15.Ng3 
Nd6 16.Nh2 Nf6 17.Nh5 Bb7 18.Nxf6+ Bxf6 19.a4 Be7 20.Nf3 Bf8 21.Qe2 c4 22.
Nh2 Bc6 23.Nf1 Qd7 24.Rd1 Qe6 25.Ng3 Nb7 26.Nf5 Nc5 27.axb5 axb5 28.Rxa8 
Rxa8 29.f3 b4 30.cxb4 Na6 31.Bd2 Nxb4 32.Bxb4 Bxb4 33.Kh2 Bc5 34.Ne3 Bb5 
35.b3 cxb3 36.Qxb5 Bxe3 37.Bxb3 Qg6 38.Qxe5 h6 39.h4 Qf6 40.Qxf6 gxf6 41.
Rd7 Rf8 42.Kg3 Kg7 43.Kg4 Kg6 44.h5+ Kg7 45.Kf5 Bc1 46.e5 fxe5 47.Kxe5 Bg5
48.Kf5 Bc1 49.g4 Kg8 50.f4 Kh8 51.Bd5 Rb8 52.Bxf7 Rb4 53.Be6 Rb6 54.Re7 
Ba3 55.Rd7 Bc1 56.Bc4 Rb8 57.Re7 Bb2 58.Kg6 Bg7 59.g5 Rf8 60.Rxg7 Rf6+ 61.
Kxf6 1-0

[Event "63rd NED-ch"]
[Site "Hilversum NED"]
[Date "2007.06.27"]
[Round "10"]
[White "Smeets, Jan"]
[Black "Van der Wiel, John"]
[Result "1/2-1/2"]
[WhiteElo "2312"]
[BlackElo "2495"]
[EventDate "2007.06.16"]
[PlyCount "60"]

1.e4 c5 2.Nf3 e6 3.d4 cxd4 4.Nxd4 Nf6 5.Nc3 Nc6 6.Ndb5 d6 7.Bf4 e5 8.Bg5 
a6 9.Na3 b5 10.Nd5 Be7 11.Bxf6 Bxf6 12.c3 Bg5 13.Nc2 O-O 14.a4 bxa4 15.
Rxa4 Kh8 16.Bc4 Na5 17.Ba2 Bd7 18.Ra3 Bb5 19.Nce3 Rc8 20.f3 Nb7 21.c4 Bc6 
22.Rxa6 Nc5 23.Ra3 Ra8 24.Rxa8 Qxa8 25.Bb1 Qa7 26.Nc2 Na4 27.Ndb4 Ba8 28.
Qxd6 Rd8 29.Qa6 Qxa6 30.Nxa6 Nxb2 1/2-1/2